Prácticas y residencias docentes : viejos problemas ¿nuevos enfoques? /
Guardado en:
| Autor Principal: | |
|---|---|
| Otros Autores: | |
| Formato: | Libro |
| Publicado: |
Bahía Blanca :
Ediuns,
2008
|
| Series: | Docencia
|
| Materias: | |
| Etiquetas: |
Agregar Etiqueta
Sin Etiquetas, Sea el primero en etiquetar este registro!
|
| LEADER | 01145nam a22002415a 4500 | ||
|---|---|---|---|
| 001 | CEM.cems014924 | ||
| 005 | 20180712162306.0 | ||
| 008 | 130507s2008##################000#0#####d | ||
| 003 | CEMS | ||
| 020 | |a 9789871171989 | ||
| 082 | 0 | 4 | |a 370.7 |
| 100 | 1 | |a Menghini, Raúl; comp. | |
| 245 | 1 | 0 | |a Prácticas y residencias docentes : |b viejos problemas ¿nuevos enfoques? / |c Compilado Por Raúl Menghini y Marta Negrin |
| 260 | |a Bahía Blanca : |b Ediuns, |c 2008 | ||
| 300 | |a 184 p. | ||
| 490 | 0 | |a Docencia | |
| 505 | 0 | |a Nuevos y viejos debates sobre prácticas y residencias en la formación de docentes -- Políticas educativas, curriculum y prácticas en la formación de docentes -- La evaluación de las prácticas docentes en la formación inicial -- Las prácticas docentes y los diferentes niveles de la enseñanza -- Las prácticas docentes y las didácticas específicas -- Jornadas Regionales de Práctica y Residencia Docente | |
| 653 | |a Pedagogía | ||
| 653 | |a Educación | ||
| 653 | |a Formación docente | ||
| 653 | |a Práctica docente | ||
| 700 | 1 | |a Negrín, Marta; comp. | |
| 859 | |a CEMS |b BIB. CEMS - 11 de abril |h 370.7 |i M525-4 |p 27526.18 |t Ej.1 | ||
